000 00540nam a2200205Ia 4500
005 20250923145036.0
008 008 250917s9999 xx 000 0 eng d
037 _aTextual
040 _aDSWL
_beng
_cDSWL
041 _aeng
_2eng
084 _aU8, JI
_qDSWL
100 _aCarter, Mary
_9831199
245 0 _aThis is India
_cby Mary Carter
260 _aLondon
_bGeorge G. Harrap & Co Ltd.
_c1951
300 _a283 p.
365 _aINR
_b6
925 _g6
942 _cTEXL
_hU8, JI
999 _c1446379
_d1446379